00639cam a22001813a 450000100060000000300060000600500170001200800410002904000150007004200070008510000230009224501920011526000290030750600300033651600200036683000290038685600420041543416PGUSA20140828084004.0130807s2013||||xxu|||||s|||||000 | eng d aPGUSAbeng adc1 aForbes, S. Russell10aRambles in Rome :bAn Archaeological and Historical Guide to the Museums, Galleries, Villas, Churches, and Antiquities of Rome and the Campagnah[electronic resource] /cS. Russell Forbes bProject Gutenberg,c2013 aPublic domain in the USA. aElectronic text 0aProject Gutenbergv4341640uhttp://www.gutenberg.org/ebooks/43416